Human resource management: functions, applications, skill development. (Record no. 172825)

MARC details
000 -LEADER
fixed length control field 00404nam a2200145Ia 4500
008 - FIXED-LENGTH DATA ELEMENTS--GENERAL INFORMATION
fixed length control field 230917s9999||||xx |||||||||||||| ||und||
040 ## - CATALOGING SOURCE
-- 206846
Original cataloging agency VIVEKANANDA LIBRARY
041 ## - Language
-- English
082 ## - DDC NUMBER
Classification number 658.3 L976H
100 ## - MAIN ENTRY--PERSONAL NAME
Personal name Lussier,Robert N
245 #0 - TITLE STATEMENT
Title Human resource management: functions, applications, skill development.
260 ## - PUBLICATION, DISTRIBUTION, ETC. (IMPRINT)
Place of publication, distribution, etc New Delhi
Name of publisher, distributor, etc Sage Publications
Date of publication, distribution, etc 2013
300 ## - PHYSICAL DESCRIPTION
Pages 588 p.
942 ## - ADDED ENTRY ELEMENTS (KOHA)
Koha item type Books
Holdings
Withdrawn status Lost status Damaged status Not for loan Location (home branch) Sublocation or collection (holding branch) Shelving location Date acquired Koha issues (times borrowed) Koha full call number Accession No. Koha date last seen Koha item type
        VIVEKANANDA LIBRARY VIVEKANANDA LIBRARY IMSAR Library 22/05/2013   658.3 L976H 324140 17/09/2023 Books
© Designed and Maintained by Vivekananda Library, MDU Rohtak